| 000 | 00591nam a2200205 i 4500 | ||
|---|---|---|---|
| 001 | 33494 | ||
| 003 | ES-MaACL | ||
| 007 | t| | ||
| 008 | 030202s1982 sp ||||1| spa d | ||
| 020 | _a84-345-1539-3 | ||
| 245 | 0 | 0 |
_aBioquímica médica / _cRex Montgomery... [et al.] ; traducción por Juan Creus... [et al.]. |
| 250 | _a1ª ed. | ||
| 260 |
_aBarcelona, etc. : _bSalvat, _c1982. |
||
| 300 |
_aXVI, 814 p. ; _c26 cm. |
||
| 500 | _aIndice. | ||
| 504 | _aBibliografía. | ||
| 700 | 1 |
_aMontgomery, Rex. _982634 |
|
| 700 | 1 |
_aCreus, Juan. _941571 |
|
| 852 |
_aES-MaACL _jB-9419 _bR.115084 |
||
| 999 |
_c33494 _d33494 |
||